00848nam a2200205 a 450000100060000000300090000600800410001504000280005608200220008411000430010624500410014926000560019030000180024650501230026465000410038765000280042894200120045699900170046895201570048514670CO-ViMGA141112s2004 ck r 000 u spa d aCO-ViMGAbspacCO-ViMGA04a338.4764794 C656i aCorporacion nacional de turismo92139010aIndustria de alojamiento en Colombia aBogotá, cCorporacion Nacional de Turismo, c1989 a130 p. tablas aOferta hotelera Generacion de empleo sector hotelero Analisis de la demanda hotelera Ingresos y gastos en la hoteleria14aINDUSTRIA HOTELERA - COLOMBIA92139114aSECTOR TURISTICO921392 2ddccBK c25212d25212 00102ddc40708002aMEVIECARbMEVIECARd2015-12-04hVolumen. 1 | 11/jun/2009l0o338.4764794 C656i p14670r2015-12-04 00:00:00tEj. 1w2015-12-04yBK